Pokémon - Attacken von Nidoking in SD/LP - Statistiken

Allgemein
  • Dieses Quiz wurde 5 mal gespielt
  • Das Durchschnittsergebnis liegt bei 29 aus 76
Antwortstatistiken
Antwort % Korrekt
Hornattacke
100%
Surfer
100%
Blizzard
75%
Bodycheck
75%
Donner
75%
Donnerblitz
75%
Eisstrahl
75%
Erdbeben
75%
Erdkräfte
75%
Feuersturm
75%
Flammenwurf
75%
Gifthieb
75%
Giftstachel
75%
Hornbohrer
75%
Matschbombe
75%
Pikser
75%
Regentanz
75%
Schaufler
75%
Silberblick
75%
Toxin
75%
Delegator
50%
Doppelteam
50%
Dunkelklaue
50%
Eisenschweif
50%
Erholung
50%
Felsgrab
50%
Fuchtler
50%
Hyperstrahl
50%
Raub
50%
Schlammwoge
50%
Schutzschild
50%
Spukball
50%
Stärke
50%
Steinhagel
50%
Tarnsteine
50%
Tiefschlag
50%
Zerschneider
50%
Aquawelle
25%
Dampfwalze
25%
Doppelkick
25%
Drachenpuls
25%
Durchbruch
25%
Fassade
25%
Giftschweif
25%
Giftspitzen
25%
Konfusion
25%
Kraxler
25%
Lawine
25%
Power-Punch
25%
Rechte Hand
25%
Sandsturm
25%
Schlafrede
25%
Schockwelle
25%
Sonnentag
25%
Steinkante
25%
Superschall
25%
Vielender
25%
Zertrümmerer
25%
Amnesie
0%
Angeberei
0%
Anziehung
0%
Ausdauer
0%
Aussetzer
0%
Brüller
0%
Energiefokus
0%
Fokusstoß
0%
Folterknecht
0%
Furienschlag
0%
Giftfalle
0%
Gigastoß
0%
Konter
0%
Kopfstoß
0%
Prügler
0%
Schleuder
0%
Schmeichler
0%
Verhöhner
0%
Keine übereinstimmenden Quizze gefunden
Verteilung der Resultate
Anzahl Personen mit jedem Resultat
Perzentil nach korrekt beantworteten Fragen
Ihre Resultats-Entwicklung
Sie haben dieses Quiz noch nicht gespielt